| 000 | 01223cam a22003137a 4500 | ||
|---|---|---|---|
| 003 | CHAP | ||
| 005 | 20220329140016.0 | ||
| 008 | 971013s1901 r 00010 d | ||
| 010 | _a45462 | ||
| 011 | _a46434 | ||
| 035 | _a50575 | ||
| 040 | _cCHAP | ||
| 082 |
_a595.77 _bT4 |
||
| 100 | 0 | 0 |
_aTheobald, Fred V. _9112748 |
| 245 | 1 | 2 | _aA monograph of thñe culicidae on mosquitoes Mainly compiled from the collections received at the British Museum from various parts of the world in connection with the investigation into the cause of malarie conducted by the Colonial office and the Roya |
| 260 |
_aLondon : _bPrinted by order of the Trustees, _c1901 |
||
| 300 | _a3 v. y col de láms. | ||
| 490 | 0 | _aXXXVII,A,B,C,D,E | |
| 590 |
_aBATCH-UPD _b10 _c20130110 _lUCH01 _h2119 |
||
| 590 |
_aCONVERSION _b10 _c20130109 _lUCH01 _h1325 |
||
| 650 | 1 | 4 |
_aMosquitos. _979027 |
| 830 | 0 |
_aXXXVII,A,B,C,D,E _9122916 |
|
| 901 | _aBK | ||
| 942 | _cLIBRO | ||
| 949 |
_a595.77 T4 _bBC _cBPP _d-113606 _eBPP _fv.1 _h27141 _i50575 _si |
||
| 949 |
_a595.77 T4 _bBC _cBPP _d-113607 _eBPP _fv.2 _h27142 _i50575 _si |
||
| 949 |
_a595.77 T4 _bBC _cBPP _d-113608 _eBPP _fv.3 _h27143 _i50575 _si |
||
| 949 |
_a595.77 T4 _bBC _cBPP _d-113609 _eBPP _fv.4 _h27144 _i50575 _si |
||
| 999 |
_c45462 _d45462 |
||